01083nam a2200229 a 4500008004100000020001800041050001700059100001900076245008600095250001600181260003300197300003500230350001100265650004200276650005100318650004900369650004600418700001600464995017800480995017800658999001700836191129s2016 ||||||||||||||||| || u a9780323377560 aRC 925.7 Man aManaster, B. J10aImaging anatomy : musculoskeletal (second edition)cBy B.J. Manaster ; Julia Crim a2nd edition aPhiladelphiabElsevierc2016 axv, 1139 pages : illustrations a256.49 aMUSCULOSKELETAL DISEASES--RADIOGRAPHY 3aMUSCULOSKELETAL DISEASES--DIAGNOSIS--HANDBOOKS aMUSCULOSKELETAL SYSTEM--RADIOGRAPHY--ATLASES aMUSCULOSKELETAL SYSTEM--INJURIES--ATLASES aCrim, Julia aMEDICAL LIBRARY OPEN ACCESSe904663FCBU-SCHOOL OF MEDICINE LIBRARY (Ndola)I256.49jRC 925.7 ManM1UAVAILABLEWDec 13, 2019y904663ZMedical Library Open Access Collection aMEDICAL LIBRARY OPEN ACCESSe904664FCBU-SCHOOL OF MEDICINE LIBRARY (Ndola)I256.49jRC 925.7 ManM2UAVAILABLEWDec 13, 2019y904664ZMedical Library Open Access Collection c64186d64186